| 000 | 01885nam a22003257a 4500 | ||
|---|---|---|---|
| 005 | 20090723160955.0 | ||
| 008 | 090608t xxu||||| |||| 00| 0 hin d | ||
| 010 | _aHIN-87458 | ||
| 020 |
_a9789350000465 _c495.00 |
||
| 035 | _aHN-59804 | ||
| 037 | _bDBAD / PUB | ||
| 040 |
_adpl _bhn |
||
| 082 | _a934 | ||
| 100 | _aकृष्णनाथ | ||
| 245 |
_aनागार्जुनकोण्डाः _bनागार्जुन कहाँ हैं ? / _cकृष्णनाथ |
||
| 246 |
_aNagarjunkonda: Nagarjun kahaan hain ? _bby Krishnanath |
||
| 260 |
_aनयी दिल्ली _bवाणी प्रकाशन _c2009 |
||
| 270 |
_a21-ए,दरियागंज, _bनयी दिल्ली _e110002 _k0091#11#23273167,23275710 _l0091#11#23275710 _mvaniprakashan@gmail.com |
||
| 300 |
_a159पृ. _c23सेमी (सजिल्द) _bसचित्र |
||
| 600 |
_aकृष्णनाथ, 1934- _xयात्रा _zभारत _zनागार्जुनकोण्डा क्षेत्र |
||
| 600 |
_aKr̥shṇanātha, 1934- _xTravel _zIndia _zNāgārjunakonda Site |
||
| 650 |
_aबौद्ध कालीन प्राचीन वस्तुएं _zभारत _zआन्ध्र प्रदेश |
||
| 650 |
_aBuddhist antiquities _zIndia _zAndhra Pradesh. |
||
| 651 |
_aनागार्जुनकोण्डा क्षेत्र (भारत) _xवर्णन और यात्रा |
||
| 651 |
_aNāgārjunakonda Site (India). _xDescription and travel. |
||
| 651 |
_aभारत _xइतिहास |
||
| 651 |
_aIndia _xHistory |
||
| 942 |
_2ddc _cHN _mकृष्णना _h934 |
||
| 999 |
_c28598 _d28598 |
||